MARC

LEADER 00000nam0a2200000 4500
001 302878
005 20231102001540.0
035 |a (RuTPU)RU\TPU\book\328095 
090 |a 302878 
100 |a 20150827d1966 k y0rusy50 ca 
101 0 |a rus 
102 |a RU 
105 |a a z 001zy 
200 1 |a Синтез пневматических приводов  |f Е. В. Герц, В. П. Зенченко, Г. В. Крейнин 
210 |a Москва  |c Машиностроение  |d 1966 
215 |a 212 с.  |c ил. 
320 |a Библиогр.: с. 205-211 (161 назв.) 
606 1 |a Пневматические приводы  |2 stltpush  |3 (RuTPU)RU\TPU\subj\49444  |9 68242 
610 1 |a синтез 
610 1 |a исполнительные устройства 
610 1 |a распределительные устройства 
610 1 |a пневматические датчики 
610 1 |a управляющие устройства 
610 1 |a логические операции 
610 1 |a системы управления 
675 |a 62-85  |v 4 
700 1 |a Герц  |b Е. В. 
701 1 |a Зенченко  |b В. П. 
701 1 |a Крейнин  |b Г. В. 
801 1 |a RU  |b 63413507  |c 20150827 
801 2 |a RU  |b 63413507  |c 20171002  |g RCR 
942 |c BK